000 00714cam a22002414a 4500
001 BD-DhSAU 7013
003 BD-DhSAU
005 20150516161442.0
008 050929s2006 mauab rb 001 0 eng
020 _a9780120887729
040 _aBD-DhSAU
082 0 0 _a595.717
_222
_bSCI
100 1 _aSchowalter, Timothy Duane,
_d1952-
245 1 0 _aInsect ecology :
_ban ecosystem approach /
_cTimothy D. Schowalter.
250 _a2nd ed.
260 _aBurlington, MA :
_bAcademic Press,
_cc2006.
300 _axii, 572 p. :
_bill., maps ;
_c27 cm.
504 _aIncludes bibliographical references and indexes.
590 _ajoy
650 0 _aInsects
_xEcology.
650 0 _aPlant pathology.
942 _2ddc
_cBOOK
999 _c7013
_d7013